• 首页
  • 本馆介绍
  • 公告通知
  • 最新文献
  • 馆藏检索
  • 电子资源
  • 读者导购
  • 参考咨询
  • 我的图书馆
  • 登录
  • 详细信息显示
  • 放入我的书架
  • 预约/预借图书
  • 作者相关作品
  • 分类相关作品
  • 丛书相关作品
  • 出版社相关作品

书目信息

  • 表格格式
  • 工作单格式
  • 卡片格式
题名:
追逐太阳
    
 
作者: 科恩 著 ;李红杰 译
分册:  
出版信息: 长沙   湖南科学技术出版社  2016.06
页数: 579页
开本: 23cm
丛书名:
单 册:
中图分类: P182
科图分类:
主题词: 太阳--研究
电子资源:
ISBN: 978-7-5357-8852-8
000 01302nam0 2200265 450
001 4204
005 20181010143834.90
010    @a978-7-5357-8852-8@dCNY88.00
100    @a20160826d2016 em y0chiy50 ea
101 1  @achi@ceng
102    @aCN@b430000
105    @aab z 001yy
200 1  @a追逐太阳@9zhui zhu tai yang@dChasing the sun: the epic story of the star that gives us life@f(美)理查德·科恩著@g李红杰译@zeng
210    @a长沙@c湖南科学技术出版社@d2016.06
215    @a579页@c图, 地图@d23cm
305    @a通过博达著作权代理有限公司获得本书中文简体版中国大陆出版发行权
314    @a理查德·科恩是《因剑之名》(BytheSword)一书的作者,曾担任两年的切尔腾汉姆文学节总监。他是金斯顿大学的访问教授,教授创意写作;曾任哈钦森出版社(Hutchinson)和霍德&斯托顿出版社(Hodder&Stoughton)的发行主管,是理查德?科恩书店的创立者。曾为《纽约时报》和伦敦的大部分主流报纸供稿,并在BBC做过广播和电视节目。他居住在纽约市。
330    @a本书从语言,宗教,科学,艺术,文学角度探讨了太阳与人类息息相关的历史,是一部综合性的太阳百科全书。
510 1  @aChasing the sun: the epic story of the star that gives us life@zeng
606 0  @a太阳@x研究
690    @aP182@v5
701  1 @c(美)@a科恩@9ke en@g(Cohen, Richard)@4著
702  0 @a李红杰@9li hong jie@4译
801  0 @aCN@b91MARC@c20160826
905    @aMuseLib@dP182@e273
    
    追逐太阳=Chasing the sun: the epic story of the star that gives us life/(美)理查德·科恩著/李红杰译.-长沙:湖南科学技术出版社,2016.06
    579页:图, 地图;23cm
    
    
    ISBN 978-7-5357-8852-8:CNY88.00
    本书从语言,宗教,科学,艺术,文学角度探讨了太阳与人类息息相关的历史,是一部综合性的太阳百科全书。
●
相关链接 在E读中查询图书 在五车中查询图书 在当当中查询图书 在豆瓣中查询图书


正题名:追逐太阳     索取号:P182/273         预约/预借

序号 登录号 条形码 馆藏地/架位号 状态 备注
1 1124031   211240316   第二样本阅览室/ [索取号:P182/273] 在馆    
2 1124032   211240325   第三借阅区/ [索取号:P182/273] 在馆    
3 1124033   211240334   第三借阅区/ [索取号:P182/273] 在馆    
4 1124034   211240343   第三借阅区/ [索取号:P182/273] 在馆    
5 1124035   211240352   资源管理系资料室/ [索取号:P182/273] 在馆    
唐山师范学院图书馆 欢迎您!
大连网信软件有限公司© 版权所有